Southville International School and Colleges
Your cart is empty.
  • Cart
  • Lists
    Public lists Eva Luna New books Lux_list list_1
    Your lists Log in to create your own lists
  • Log in to your account
  • Your cookies
  • Search history
Southville International School and Colleges
  • Advanced search
  • Recent comments
  • Most popular
  • Libraries

Log in to your account

Log in with GOOGLE


If you do not have an external account, but do have a local account, you can still log in:

  1. Home
  2. MARC view: Sydney Clair's season of change :
Normal view MARC view ISBD view

Sydney Clair's season of change : (Record no. 368789)

[ view plain ]
MARC details
000 -LEADER
fixed length control field 00612nam a22001937a 4500
003 - CONTROL NUMBER IDENTIFIER
control field 0
005 - DATE AND TIME OF LATEST TRANSACTION
control field 20260204153423.0
008 - FIXED-LENGTH DATA ELEMENTS--GENERAL INFORMATION
fixed length control field 260204b xxu||||| |||| 00| 0 eng d
020 ## - INTERNATIONAL STANDARD BOOK NUMBER
International Standard Book Number 978-1-934068-50-2
050 ## - LIBRARY OF CONGRESS CALL NUMBER
Classification number FIC
Item number Da249 2007
082 ## - DEWEY DECIMAL CLASSIFICATION NUMBER
Classification number FIC
Item number Da249 2007
100 ## - MAIN ENTRY--PERSONAL NAME
Personal name Davis, Pam
245 ## - TITLE STATEMENT
Title Sydney Clair's season of change :
Remainder of title a friendship story
Statement of responsibility, etc Pam Davis.
260 ## - PUBLICATION, DISTRIBUTION, ETC. (IMPRINT)
Place of publication, distribution, etc Colorado Springs, CO :
Name of publisher, distributor, etc Authentic Publishing,
Date of publication, distribution, etc 2007.
300 ## - PHYSICAL DESCRIPTION
Extent 77 pages :
Other physical details colored illustrations ;
Dimensions 23 cm.
650 ## - SUBJECT ADDED ENTRY--TOPICAL TERM
Topical term or geographic name as entry element Friendship
Form subdivision Juvenile fiction.
650 ## - SUBJECT ADDED ENTRY--TOPICAL TERM
Topical term or geographic name as entry element African Americans
Form subdivision Juvenile fiction.
942 ## - ADDED ENTRY ELEMENTS (KOHA)
Source of classification or shelving scheme Dewey Decimal Classification
Koha item type Books
Holdings
Withdrawn status Lost status Source of classification or shelving scheme Damaged status Home library Current library Shelving location Date acquired Source of acquisition Sub Shelving location Total Checkouts Full call number Barcode Date last seen Price effective from Koha item type
    Dewey Decimal Classification   Munich Library Munich Library Fiction Section 02/04/2026 Library Fund     FIC Da249 2007 M9299 02/04/2026 02/04/2026 Books

Sydney Clair's season of change :

APA

Davis P., . (2007). Sydney Clair's season of change. Colorado Springs, CO: Authentic Publishing.

Chicago

Davis Pam, . 2007. Sydney Clair's season of change. Colorado Springs, CO: Authentic Publishing.

Harvard

Davis P., . (2007). Sydney Clair's season of change. Colorado Springs, CO: Authentic Publishing.

MLA

Davis Pam, . Sydney Clair's season of change. Colorado Springs, CO: Authentic Publishing. 2007.

  • Place hold
  • Print
  • Cite
  • Add to your cart (remove)
  • Save record
    BIBTEX Dublin Core MARCXML MARC (non-Unicode/MARC-8) MARC (Unicode/UTF-8) MARC (Unicode/UTF-8, Standard) MODS (XML) RIS
  • More searches
    Search for this title in:
    Other Libraries (WorldCat) Other Databases (Google Scholar) Online Stores (Bookfinder.com) Open Library (openlibrary.org)

Exporting to Dublin Core...

SOUTHVILLE LIBRARY

Southville International School and Colleges Library

1281 Tropical Ave. Cor. Luxembourg St., BF Homes International, Las Pinas City

Tel. No. 8256374 / 252358 Loc. 117/146

Powered by Koha